000 00788cam a22002291 4500
001 g 01000959
003 DLC
005 20260227111253.0
008 831025s1881 gw 000 0 ger
010 _ag 01000959
035 _a(OCoLC)10051953
040 _aDLC
_cOCU
_dOCU
_dDLC
042 _apremarc
050 0 0 _aDG209
_b.P47
100 1 _aPeter, Carl Ludwig,
_d1808-1893.
245 1 0 _aGeschichte Roms ...
_cvon Carl Peter ...
250 _a4., verb. Aufl.
260 _aHalle a.S.,
_bVerlag der Buchhandlung des Waisenhauses,
_c1881.
300 _a3 v.
_c23 cm.
505 0 _a1. Bd. Von den ältesten Zeiten bis auf die Gracchen.--2. Bd. Von den Gracchen bis zum Untergange der Republik.--3. Bd. Die Geschichte der Kaiser bis zum Tode Marc Aurels.
651 0 _aRome
_xHistory.
999 _c23605
_d23605